02139cam a2200361 i 4500003000900000005001700009008004100026020001800067020001500085040005500100043001200155082002000167100002600187245004200213250002000255264004200275300004400317336002600361337002800387338002700415504005100442505039700493520042100890651006301311651006301374651006601437651005901503653002401562655001701586942001201603999001701615952014501632EG-ScBUE20240424143145.0090710s2010 enka f b 001 0 eng d a9780415543729 a041554372X aStDuBDSbengerdacStDuBDSdUkdEG-ScBUEdEG-ScBUE aaw-----04a956.04bPAP2221 aPappe, Ilan,eauthor.14aThe modern Middle East /cIlan Pappe. aSecond edition. 1aOxon ;aNew York :bRoutledge,c2010. axv, 366 pages :billustrations ;c24 cm 2rdacontentatextbtxt aunmediated2rdamediabn avolumebnc2rdacarrier aIncludes bibliographical references and index. aIntroduction: whose 'modern times'? -- Political history -- Economic history -- The rural history of the Middle East in the twentieth century -- Urban history -- Popular culture: music, dance and poetry -- The history of the written word -- Theatre, cinema, radio and television -- Histories of Middle Eastern women -- The many faces of Islam in the twenty-first century: three final aspects. aTo allay any fears of bias, Pappe (political science, U. of Haifa, Israel) states in his preface his belief that Israel would benefit from being more a part of the Middle East, a view that he says nearly lost him his teaching position in 2002. Designed as an undergraduate textbook, the text uses a comparative approach, which effectively conveys the continuity of experience shared among Arabs throughout the broad  7aMiddle EastxPolitics and governmenty20th century.2BUEsh 7aMiddle EastxPolitics and governmenty21st century.2BUEsh 7aMiddle EastxEconomic conditionsy20th century.2BUEsh929245 7aMiddle EastxEconomic conditionsy21st century.2BUEsh bBUSBOLcOctober2018 vReading book 2ddccBB c26877d26849 00102ddc40708MERICaMAINbMAINc2NDd2018-10-13ePurchaseg216.15h000292l0o956.04 PAPp000043236r2025-07-15 00:00:00w2018-10-13yBB